[Event "Milan Repubblica op"]
[Site "Milan"]
[Date "2012.06.02"]
[Round "4"]
[White "Pelizzola, Danilo"]
[Black "Pierandrei, Cristiano"]
[Result "1-0"]
[WhiteElo "2005"]
[BlackElo "1955"]
[PlyCount "81"]
[EventDate "2012.05.31"]
[EventType "swiss"]
[EventRounds "6"]
[EventCountry "ITA"]
[SourceTitle "EXT 2015"]
[Source "ChessBase"]
[SourceDate "2014.11.20"]
[SourceVersion "1"]
[SourceVersionDate "2014.11.20"]
[SourceQuality "1"]

1. e4 e6 2. d4 d5 3. exd5 exd5 4. Bd3 Nc6 5. Nf3 Bg4 6. c3 Bd6 7. Be3 Nge7 8. Nbd2 Qd7 9. 0-0 f6 10. Re1 0-0-0 11. b4 Bf5 12. Bf1 g5 13. Nb3 Ng6 14. a4 g4 15. Nfd2 h5 16. b5 Nce7 17. Nc5 Qe8 18. a5 h4 19. Qe2 g3 20. b6 gxh2+ 21. Kh1 Bxc5 22. dxc5 a6 23. bxc7 Rd7 24. Qf3 Ne5 25. Qf4 Qg6 26. Bd4 N7c6 27. Nf3 Nxf3 28. Qxf3 h3 29. Qg3 Qh6 30. Qe3 Qg6 31. g3 Re7 32. Qf4 Rhe8 33. Rxe7 Rxe7 34. Kxh2 Ne5 35. Bxe5 fxe5 36. Qh4 Rxc7 37. Qh8+ Kd7 38. Qxe5 Be4 39. c4 Kc6 40. Rb1 Kxc5 41. Qxc7+ 1-0

[Event "Milan Crespi op-B 31th"]
[Site "Milan"]
[Date "2010.12.06"]
[Round "4"]
[White "Pierandrei, Cristiano"]
[Black "Cattaneo, Marco"]
[Result "0-1"]
[WhiteElo "1941"]
[BlackElo "1852"]
[PlyCount "96"]
[EventDate "2010.12.04"]
[EventType "swiss"]
[EventRounds "7"]
[EventCountry "ITA"]
[SourceTitle "EXT 2024"]
[Source "ChessBase"]
[SourceDate "2023.10.10"]
[SourceVersion "1"]
[SourceVersionDate "2023.10.10"]
[SourceQuality "1"]

1. Nf3 d5 2. d4 e6 3. c4 c6 4. Qc2 dxc4 5. Qxc4 b5 6. Qc2 Bb7 7. g3 Nd7 8. Bg2 Ngf6 9. 0-0 Be7 10. Nbd2 c5 11. e4 Rc8 12. Qd3 c4 13. Qe2 0-0 14. Rd1 Qc7 15. e5 Nd5 16. Ne4 Nb4 17. Bg5 Bxg5 18. Nfxg5 h6 19. Qh5 Bxe4 20. Bxe4 Nb6 21. Nh7 Rfd8 22. Nf6+ gxf6 23. exf6 Kf8 24. Qxh6+ Ke8 25. Qg7 N6d5 26. Qg8+ Kd7 27. Qxf7+ Kd6 28. Qg6 Rg8 29. Qh6 Qf7 30. a3 Qxf6 31. Qd2 Nc6 32. Bg2 Qg5 33. f4 Qf6 34. Qf2 a5 35. Rd2 b4 36. axb4 axb4 37. Rc1 Na5 38. Bxd5 exd5 39. Ra1 Nb3 40. Ra6+ Rc6 41. Rxc6+ Kxc6 42. Rd1 Re8 43. Qg2 Qf5 44. Rf1 Qe4 45. Qh3 Nxd4 46. Ra1 Qe3+ 47. Kf1 Qf3+ 48. Kg1 Ne2# 0-1